000 01037nam a22003617a 4500
001 060
003 DO-SdBNP
005 20180220114746.0
007 060
008 151005b1992 sp 00| 0 spa d
020 _a843482910X
040 _aBPMSU
_bspa
_cBPMSU
092 _aXXXX
_bXXXX
100 1 _aDickinson, Peter
240 1 0 _aGiant cold /
_f1990
_leng
245 1 0 _aEl gigante de hielo /
_cPeter Dickinson ; ilustraciones David Santaisabel ; traducción Lourdes Huanqui ; colección dirigida por Marinella Terzi
250 _a3a. ed.
260 _aMadrid :
_bEdiciones SM,
_c1992.
300 _a105 p. :
_bil. ;
_c19 cm.
490 1 _aEl barco de vapor
_v58
490 1 _aRoja
500 _aA partir de 12 años
521 1 _aA partir de los 12 años
700 1 2 _aTerzi, Marinella
_edir.
700 1 2 _aSantaisabel, David
_eil.
700 1 2 _aHuanqui, Lourdes
_etrad.
830 0 _aBarco de vapor
_n58
830 0 _aRoja
910 _a202
942 _2ddc
_cBK
945 _aInventariado, 2018 / BT
956 _aYngrid Lockward
999 _c8463
_d8463